Medzinárodný obchod s luxusnými priemyselnými výrobkami v kontexte udržateľného rastu bakalárska práca

Na minha lista:
Detalhes bibliográficos
Autor principal: Ružičková, Sofia
Autor Corporativo: Fakulta medzinárodných vzťahov EU. Katedra medzinárodných ekonomických vzťahov a hospodárskej diplomacie
Outros Autores: Janubová, Barbora, 1991-
Formato: Livro
Idioma:eslovaco
Publicado em: Bratislava 2023
Tags: Adicionar Tag
Sem tags, seja o primeiro a adicionar uma tag!

MARC

LEADER 00000nbm a2200000 4500
001 0293129
005 20240606091819.8
041 0 |a slo 
044 |a SK 
245 1 0 |a Medzinárodný obchod s luxusnými priemyselnými výrobkami v kontexte udržateľného rastu  |b bakalárska práca  |c Sofia Ružičková ; školiteľ: Barbora Janubová 
264 1 |a Bratislava  |c 2023 
300 |a 51 s. 
100 1 |a Ružičková, Sofia 
700 1 |a Janubová, Barbora, 1991- 
710 2 |a Fakulta medzinárodných vzťahov EU. Katedra medzinárodných ekonomických vzťahov a hospodárskej diplomacie